|
|
|
|
| LEADER |
00000cam a2200000 7i4500 |
| 001 |
0000027378 |
| 005 |
20170224.0 |
| 008 |
170224 my a may |
| 040 |
|
|
|a INS
|b eng
|c INS
|e rda
|
| 090 |
0 |
0 |
|a M435
|
| 110 |
1 |
|
|a Kursus kumpulan inovatif kreatif ( KIK ) ,
|d 2016 14 - 17 Mac
|c INSPEN, Bangi
|
| 245 |
0 |
0 |
|a Kursus kumpulan inovatif kreatif ( KIK ) :
|b 14 - 17 Mac 2016
|c Anjuran Pusat Pengurusan dan Teknologi Maklumat, INSPEN
|
| 264 |
|
0 |
|a Bangi :
|b Institut Penilaian Negara
|c 2016
|
| 300 |
|
|
|a 1 volume( Various pagings ) :
|b illustrations,picture ;
|c 30 cm.
|
| 336 |
|
|
|a text
|2 rdacontent
|
| 337 |
|
|
|a unmediated
|2 rdamedia
|
| 338 |
|
|
|a volume
|2 rdacarrier
|
| 650 |
|
0 |
|a Creative thinking
|
| 650 |
|
0 |
|a Critical thinking
|
| 650 |
|
0 |
|a Thought and thinking
|
| 710 |
1 |
|
|a INSPEN ( Institut Penilaian Negara )
|
| 999 |
|
|
|a M000001124
|b BOOK
|c Course Notes
|e Default branch
|
| 999 |
|
|
|a M000001125
|b BOOK
|c Course Notes
|e Default branch
|
| 999 |
|
|
|a M000001204
|b BOOK
|c Course Notes
|e Default branch
|